000 00495nam a2200193Ia 4500
003 OSt
005 20260508105143.0
008 250729s2011 xx 000 0 und d
020 _a978-8183164542
040 _cAL
041 _aeng
082 _a001.54 VANE
100 _aDr. Vanaja M
_9231447
245 _aEducational technology and computer education
260 _aNewdelhi
_bNeelkamal Publication
_c2011
300 _a426p
650 _aComputer Education
_9231448
942 _2ddc
_cBED
999 _c239286
_d239286